El comercio canario-americano (Record no. 95164)

MARC details
000 -LEADER
campo de control de longitud fija 01979nam a2200457 i 4500
001 - NÚMERO DE CONTROL
campo de control MOR01000095488
003 - IDENTIFICADOR DE NÚMERO DE CONTROL
campo de control $$amxdfmo
005 - FECHA Y HORA DE LA ÚLTIMA TRANSACCIÓN
campo de control 20260331145848.0
008 - DATOS DE LONGITUD FIJA--INFORMACIÓN GENERAL
campo de control de longitud fija 121010s2011 sp abc g bi 000 0 spa d
020 ## - NÚMERO INTERNACIONAL ESTÁNDAR DEL LIBRO
Número Internacional Estándar del Libro 9788481036435
035 ## - NÚMERO DE CONTROL DEL SISTEMA
Número de control de sistema 121397
040 ## - FUENTE DE CATALOGACIÓN
Centro catalogador/agencia de origen mxcmmo
Lengua de catalogación spa
Centro/agencia transcriptor mxcmmo
Normas de descripción rda
041 0# - CÓDIGO DE IDIOMA
Código de lengua del texto/banda sonora o título independiente spa
043 ## - CÓDIGO DE ÁREA GEOGRÁFICA
Código de área geográfica e-sp---
-- cl-----
-- lnca---
045 ## - PERIODO DE TIEMPO DEL CONTENIDO
Código de periodo de tiempo t5v9
082 04 - NÚMERO DE LA CLASIFICACIÓN DECIMAL DEWEY
Número de clasificación 382.0970649
Número de ítem MOR.c
100 1# - ENTRADA PRINCIPAL--NOMBRE DE PERSONA
Nombre de persona Morales Padrón, Francisco
Fechas asociadas al nombre 1923-
9 (RLIN) 9601,
Término indicativo de función/relación autor
245 13 - MENCIÓN DEL TÍTULO
Título El comercio canario-americano
Resto del título : (siglos XVI, XVII y XVIII)/
Mención de responsabilidad, etc. Francisco Morales Padrón ; edición homenaje prologada por Antonio de Béthencourt Massieu
250 ## - MENCION DE EDICION
Mención de edición Primera edición, según la edición El comercio canario-americano (siglos XVI, XVII y XVIII), por Escuela de Estudios Hispano-Americanos de Sevilla. Sevilla, 1955
264 #1 - PRODUCCIÓN, PUBLICACIÓN, DISTRIBUCIÓN, FABRICACIÓN Y COPYRIGHT
Producción, publicación, distribución, fabricación y copyright Las Palmas de Gran Canaria:
Nombre del de productor, editor, distribuidor, fabricante Cabildo de Gran Canaria, Casa de Colón,
Fecha de producción, publicación, distribución, fabricación o copyright 2011
300 ## - DESCRIPCIÓN FÍSICA
Extensión 438 páginas:
Otras características físicas ilustraciones, mapas (algunos color), retratos;
Dimensiones 24 cm
336 ## - TIPO DE CONTENIDO
Término de tipo de contenido texto
Código de tipo de contenido txt
Fuente rdacontent
337 ## - TIPO DE MEDIO
Nombre/término del tipo de medio sin medio
Código del tipo de medio n
Fuente rdamedia
338 ## - TIPO DE SOPORTE
Nombre/término del tipo de soporte volumen
Código del tipo de soporte nc
Fuente rdacarrier
490 0# - MENCIÓN DE SERIE
Mención de serie Historia (Casa de Colón)
500 ## - NOTA GENERAL
Nota general Edición homenaje a Francisco Morales Padrón
504 ## - NOTA DE BIBLIOGRAFÍA, ETC.
Nota de bibliografía, etc. Nota Incluye referencias bibliográficas (páginas 399-406) e índice
651 #7 - PUNTO DE ACCESO ADICIONAL DE MATERIA--NOMBRE GEOGRÁFICO
Nombre geográfico Canarias, Islas
Subdivisión general Comercio
-- Historia
9 (RLIN) 165780
651 #7 - PUNTO DE ACCESO ADICIONAL DE MATERIA--NOMBRE GEOGRÁFICO
Nombre geográfico España
Subdivisión general Colonias
-- Comercio
-- Historia
9 (RLIN) 15256
651 #7 - PUNTO DE ACCESO ADICIONAL DE MATERIA--NOMBRE GEOGRÁFICO
Nombre geográfico España
Subdivisión general Colonias
Subdivisión geográfica Hispanoamérica
Subdivisión general Historia
9 (RLIN) 8824
700 1# - ENTRADA AGREGADA--NOMBRE PERSONAL
Nombre de persona Béthencourt Massieu, Antonio de
Término indicativo de función/relación prologuista
9 (RLIN) 165781
710 1# - ENTRADA AGREGADA--NOMBRE DE ENTIDAD CORPORATIVA
Nombre de entidad corporativa o nombre de jurisdicción como elemento de entrada Canarias (España)
Unidad subordinada Cabildo de Gran Canaria
-- Casa de Colón
9 (RLIN) 165782
900 ## - ELEMENTOS DE DATOS A LOCAL, LDA (RLIN)
Nombre de persona CATY
Numeración 30
Títulos y otros términos asociados al nombre 20121015
Lenguaje de la obra MOR01
-- 1136
900 ## - ELEMENTOS DE DATOS A LOCAL, LDA (RLIN)
Nombre de persona CATY
Numeración Verónica Silva
Títulos y otros términos asociados al nombre 20121015
Lenguaje de la obra MOR01
-- 1126
900 ## - ELEMENTOS DE DATOS A LOCAL, LDA (RLIN)
Nombre de persona KLASY
Numeración 30
Títulos y otros términos asociados al nombre 20121025
Lenguaje de la obra MOR01
-- 1125
900 ## - ELEMENTOS DE DATOS A LOCAL, LDA (RLIN)
Nombre de persona MARY
Numeración 05
Títulos y otros términos asociados al nombre 20121010
Lenguaje de la obra MOR01
-- 1315
900 ## - ELEMENTOS DE DATOS A LOCAL, LDA (RLIN)
Nombre de persona MARY
Numeración 05
Títulos y otros términos asociados al nombre 20121010
Lenguaje de la obra MOR01
-- 1315
900 ## - ELEMENTOS DE DATOS A LOCAL, LDA (RLIN)
Nombre de persona VOBO
Numeración 40
Títulos y otros términos asociados al nombre 20121025
Lenguaje de la obra MOR01
-- 1521
904 ## - ELEMENTOS DE DATOS D LOCAL, LDD (RLIN)
a UPDATE
942 ## - ELEMENTOS DE ENTRADA SECUNDARIOS (KOHA)
Código de la institución [OBSOLETO] BK
901 ## - ELEMENTOS DE DATOS A LOCAL LDA (RLIN)
a batch batch
Holdings
Estatus retirado Estado de pérdida Fuente del sistema de clasificación o colocación Estado de daño No para préstamo Colección Biblioteca de origen Biblioteca actual Ubicación en estantería Fecha de adquisición Fuente de adquisición Número de inventario Total de préstamos Signatura topográfica completa Código de barras Visto por última vez Precio de reemplazo Tipo de ítem Koha
    Clasificación Decimal Dewey     Libros (General) Biblioteca Instituto Mora Biblioteca Instituto Mora Regular 15/10/2012   122134   (G)/382.0970649 MOR.c 33068001281169 20/11/2024 03/09/2024 Libro préstamo regular